Statistics for Names for People from countries starting with I

Click here to take the quiz!

General Stats

  • This quiz has been taken 26 times
  • The average score is 8 of 8

Answer Stats

HintAnswer% Correct
ScandinaviaIcelandic
100%
Middle EastIranian
100%
Middle EastIraqi
100%
Western EuropeIrish
100%
Middle EastIsraeli
100%
Western EuropeItalian
96%
South-Central AsiaIndian
88%
AustralasiaIndonesian
88%

Score Distribution

Percentile by Number Answered

Percent of People with Each Score

Your Score History

You have not taken this quiz